All Destroy Lonely Songs - Statistics

General Stats
  • This quiz has been taken 35 times
  • The average score is 55 of 174
Answer Stats
Hint Answer % Correct
NOSTYLIST
92%
NO STYLIST> JETLGGD
88%
ft. Ken Carson VETERAN
83%
BLITZ
79%
NEVEREVER
79%
VTMNTSCOAT
79%
BERGDORF
75%
CRYSTLCSTLES
75%
if looks could kill
75%
FAKENGGAS
71%
LNLY
71%
<3MYGNG
71%
ONTHEFLOOR
71%
ONTHETABLE
71%
ft. Lil Uzi Vert LOVE HURTS
67%
MKEITSTOP
67%
fly sht
63%
If Looks Could Kill> how u feel?
63%
SWGSKOOL
63%
TURNINUP
63%
ALLURE
58%
SOARIN
58%
chris paul
54%
DANGEROUS
54%
LOUVRE
54%
w/ Ken Carson money & sex
54%
Mud
54%
OTW
54%
w/ Ken Carson THRILL
54%
top flo
54%
CADILLAC
50%
catch a kill
50%
LOVE LASTS FOREVER> FOREVER
50%
LUV 4 YA
50%
PRSSURE
50%
raver
50%
SYRUP SIPPIN
50%
Which 1 / Klueless
50%
superstar
46%
single; w/ Ken Carson the acronym
46%
which one
46%
came in wit
42%
Diamonds & Foreigns
42%
F.U.N
42%
HAVINMYWAY
42%
jumanji
42%
Layover
42%
new new
42%
ft. Ken Carson open it up
42%
PASSAROUND
42%
Tokyo Mission Impossible
42%
</3^3 ain't hard
38%
CRYSTAL CLEAR
38%
LOCK IN
38%
Miley Cyrus
38%
party n get high
38%
risk
38%
safety
38%
SDP
38%
soooo high
38%
ft. Ken Carson SRTBBL
38%
</3^2 Top Floor Boss
38%
which way
38%
your eyes
38%
single Bane
33%
biggest problem
33%
brazy girls
33%
Cutie
33%
Devil wears prada
33%
single In the Air
33%
kansas
33%
leave u out 2 dry
33%
Oh Yeah
33%
passenger
33%
single; w/ Southside ft.Ken Carson President
33%
promo
33%
Vvs Valentine
33%
AMERIKA
29%
blowin smoke
29%
by the pound
29%
Do or Die
29%
DOUBT IT
29%
FORGOT MY NAME
29%
Frank Lucas
29%
leash
29%
Mollywrld
29%
MONEY ANTHEM
29%
see u soon </3 NYLON
29%
Ok Bae
29%
redlight
29%
show u how
29%
SUPER SERUM
29%
Traphousemansion
29%
ABOUT MONEY
25%
back sippin
25%
check the fleet
25%
kool on ya
25%
MEET THE BOSS
25%
moment of silence
25%
not the mayor
25%
PASS ME THE KEYS
25%
Pop Shit / Xtra
25%
screwed up
25%
see no evil
25%
SEE UR FACE
25%
stfu
25%
WISH YOU WELL
25%
Ya Ight
25%
single 20Yrs Old
21%
all the time
21%
BABY MONEY
21%
Cdg
21%
Dover Street Market
21%
HEALING
21%
LSD
21%
SMOKING
21%
spillin
21%
thats my
21%
too damn rich
21%
wagwan
21%
single; w/ A$AP NAST AMG Music
17%
BLING
17%
Groupie Btch
17%
NezzusDestroyed> Intro
17%
Komin' Back
17%
Luna
17%
no pressure
17%
SAY THAT
17%
SHIP HER OFF
17%
Take a Pic
17%
single Euros
13%
EXTRA HIGH
13%
goin up
13%
HONESTLY
13%
MAKE A SOUND
13%
make sum work
13%
Movie
13%
NO WORRIES
13%
PIMP TALK
13%
Place
13%
single Plea
13%
single Please Dnt Touch Dis Sh*T
13%
right now
13%
Lord - EP> Seasons
13%
SEE YOU TOMORROW
13%
TAKE A TRIP
13%
THE BOUNCE
13%
single; w/ PinkPantheress Turn Your Phone Off
13%
Forever, ILY. - EP> Usual
13%
whats it gon take
13%
4Seasons
8%
single; w/ Quavo Potato Loaded
8%
ft. CandyPaint Smash Bro's
8%
single Undercover
8%
single Vamp
8%
worth it
8%
Add it up
4%
Addy
4%
Darkhorse> Eazy
4%
Guap, Glock, Nd Sticks
4%
single N(N)
4%
single Tied N
4%
ft. Nezzus trapped on marz
4%
single; w/ Nezzus Bag full of boof
0%
single Count it up
0%
single; w/ 4me Crushin'
0%
Different Drugz
0%
single Dream About Me.
0%
single; w/ Nezzus FenderBender
0%
Global
0%
No Hook
0%
single Out the Way
0%
single Red Dead
0%
Wild
0%
No matching quizzes found
Score Distribution
Percent of People with Each Score
Percentile by Number Answered
Your Score History
You have not taken this quiz